Gospel stories for children. (Record no. 114856)
[ view plain ]
| 000 -LEADER | |
|---|---|
| fixed length control field | 00449nam a2200181 a 4500 |
| 001 - CONTROL NUMBER | |
| control field | 1003 |
| 005 - DATE AND TIME OF LATEST TRANSACTION | |
| control field | 20140414132114.0 |
| 008 - FIXED-LENGTH DATA ELEMENTS--GENERAL INFORMATION | |
| fixed length control field | 041013s19uu xx 00 eng d |
| 050 ## - LIBRARY OF CONGRESS CALL NUMBER | |
| Classification number | M 220.9 |
| Item number | G69 1997 |
| 100 ## - MAIN ENTRY--PERSONAL NAME | |
| Personal name | |
| 245 ## - TITLE STATEMENT | |
| Title | Gospel stories for children. |
| 260 ## - PUBLICATION, DISTRIBUTION, ETC. (IMPRINT) | |
| Place of publication, distribution, etc | Manila, Philippines : |
| Name of publisher, distributor, etc | Paulines. |
| 300 ## - PHYSICAL DESCRIPTION | |
| Extent | p. : ill. ; cm. |
| 500 ## - GENERAL NOTE | |
| General note | |
| 650 ## - SUBJECT ADDED ENTRY--TOPICAL TERM | |
| Topical term or geographic name as entry element | Bible stories, N.T. |
| 650 ## - SUBJECT ADDED ENTRY--TOPICAL TERM | |
| Topical term or geographic name as entry element | Bible character, N.T. |
| Withdrawn status | Lost status | Damaged status | Use restrictions | Home library | Current library | Shelving location | Date acquired | Source of acquisition | Total Checkouts | Full call number | Barcode | Date last seen | Price effective from | Koha item type |
|---|---|---|---|---|---|---|---|---|---|---|---|---|---|---|
| Munich Library | Munich Library | Main Section | 08/26/2011 | M 220.9 G69 1997 | M6766 | 04/14/2014 | 04/14/2014 | Books |